| 000 | 00636nam a22002175a 4500 | ||
|---|---|---|---|
| 005 | 20161127155731.0 | ||
| 008 | 161127s2016 ii a fr 001 0 eng d | ||
| 020 | _a9788123928685 | ||
| 040 |
_aEG-ScBUE _beng _cEG-ScBUE _dEG-ScBUE |
||
| 082 | 0 | 4 |
_222 _a617.522 _bUMA |
| 100 | 1 | _aUmarji, HR. | |
| 245 | 1 | 0 |
_aConcise oral medicine / _cHR Umarji. |
| 250 | _a1st ed. | ||
| 260 |
_aNew Delhi : _bCBS Publishers & Distributors Pvt Ltd., _c2016. |
||
| 300 |
_aviii, 286 p. : _bill. ; _c24 cm. |
||
| 500 | _aIndex : p. 281-286. | ||
| 650 | 7 |
_2BUEsh _941422 _aOral medicine. |
|
| 651 | _2BUEsh | ||
| 653 |
_bDDent _cNovember2016 |
||
| 942 | _2ddc | ||
| 999 |
_c23366 _d23338 |
||